000 02383cam a22004214a 4500
999 _c130406
_d130406
001 14633200
003 ARRUPE
005 20200312124118.0
008 061114s2007 inub b s001 0 eng
010 _a 2006037963
020 _a9780253348845 (cloth)
020 _a0253348846 (cloth)
040 _aDLC
_cDLC
_dDLC
043 _af-nr---
_ae-uk---
_af------
050 0 0 _aHT1394.L34
_bM36 2007
082 0 0 _a306.3/6209669109033
_222
100 1 _aMann, Kristin,
_d1946-
_949640
245 1 0 _aSlavery and the birth of an African city :
_bLagos, 1760-1900 /
_cKristin Mann.
260 _aBloomington, Ind. :
_bIndiana University Press,
_cc2007.
300 _axii, 473 p. :
_bmaps ;
_c25 cm.
504 _aIncludes bibliographical references (p. [423]-457) and index.
505 0 _aThe rise of Lagos as an Atlantic port, c. 1760-1851 -- Trade, oligarchy, and the transformation of the precolonial state -- The original sin : anti-slavery, imperial expansion, and early colonial rule -- Innocent commerce : boom and bust in the palm produce trade -- Britain and domestic slavery -- Redefining the owner-slave relationship : work, ideology, and the demand for people -- The changing meaning of land in the urban economy and culture -- Strategies of struggle and mechanisms of control : quotidian conflicts and court cases.
650 0 _aSlave trade
_zNigeria
_zLagos
_xHistory
_y18th century.
_949641
650 0 _aSlave trade
_zNigeria
_zLagos
_xHistory
_y19th century.
_949642
650 0 _aSlave trade
_zGreat Britain
_xHistory
_y18th century.
_917525
650 0 _aSlave trade
_zGreat Britain
_xHistory
_y19th century.
_949643
651 0 _aLagos (Nigeria)
_xHistory
_y18th century.
_949644
651 0 _aLagos (Nigeria)
_xHistory
_y19th century.
_949645
651 0 _aLagos (Nigeria)
_xCommerce
_xHistory
_y18th century.
_949646
651 0 _aLagos (Nigeria)
_xCommerce
_xHistory
_y19th century.
_949647
651 0 _aGreat Britain
_xCommerce
_xHistory.
_949648
651 0 _aGreat Britain
_xColonies
_zAfrica.
_921881
856 4 1 _3Table of contents only
_uhttp://www.loc.gov/catdir/toc/ecip075/2006037963.html
856 4 2 _3Book review (H-Net)
_uhttp://www.h-net.org/review/hrev-a0f7r0-aa
906 _a7
_bcbc
_corignew
_d1
_eecip
_f20
_gy-gencatlg
942 _2lcc
_cMONOGRAPH